书目信息 |
| 题名: |
装配式混凝土建筑设计与应用
|
|
| 作者: | 汪杰 , 李宁 , 江韩 , 汪杰 著 | |
| 分册: | ||
| 出版信息: | 南京 东南大学出版社 2018.05 |
|
| 页数: | 255页 | |
| 开本: | 27cm | |
| 丛书名: | 新型建筑工业化丛书 | |
| 单 册: | ||
| 中图分类: | TU370.4 | |
| 科图分类: | ||
| 主题词: | 装配式混凝土结构--zhuang pei shi hun ning tu jie gou--结构设计 | |
| 电子资源: | ||
| ISBN: | 978-7-5641-7060-8 | |
| 000 | 01346nam 2200337 450 | |
| 001 | 012018001148 | |
| 005 | 20211125165631.83 | |
| 010 | @a978-7-5641-7060-8@b精装@dCNY78.00 | |
| 100 | @a20180614d2018 em y0chiy50 ea | |
| 101 | 0 | @achi |
| 102 | @aCN@b320000 | |
| 105 | @aak a 000yy | |
| 200 | 1 | @a装配式混凝土建筑设计与应用@Azhuang pei shi hun ning tu jian zhu she ji yu ying yong@f汪杰等著@FWang Jie Deng Zhu |
| 210 | @a南京@c东南大学出版社@d2018.05 | |
| 215 | @a255页@c图@d27cm | |
| 225 | 2 | @a新型建筑工业化丛书@Axin xing jian zhu gong ye hua cong shu |
| 300 | @a国家“十三五”重点图书出版规划项目 | |
| 304 | @a题名页题: 著汪杰, 李宁, 江韩, 张奕, 吴墩军等 | |
| 312 | @a英文并列题名取自封面 | |
| 320 | @a有书目 (第254-255页) | |
| 330 | @a本书主要内容为: 绪论; 装配式建筑概述; 装配式混凝土建筑设计; 装配式混凝土结构设计; 装配式混凝土结构的深化设计; 装配式混凝土结构工程案例等。 | |
| 410 | 0 | @12001 @a新型建筑工业化丛书 |
| 510 | 1 | @aDesign and application of prefabricated concrete building@zeng |
| 606 | 0 | @a装配式混凝土结构@Azhuang pei shi hun ning tu jie gou@x结构设计 |
| 690 | @aTU370.4@v5 | |
| 701 | 0 | @a汪杰@Awang jie@4著 |
| 701 | 0 | @a李宁@Ali ning@4著 |
| 701 | 0 | @a江韩@Ajiang han@4著 |
| 701 | 0 | @a汪杰@AWang Jie@4著 |
| 801 | 0 | @aCN@c20180817 |
| 905 | @a河南城建学院图书馆@b21356677-78@dTU370.4@eW061@f2 | |
| 装配式混凝土建筑设计与应用/汪杰等著.-南京:东南大学出版社,2018.05 |
| 255页:图;27cm.-(新型建筑工业化丛书) |
| 国家“十三五”重点图书出版规划项目 |
| ISBN 978-7-5641-7060-8(精装):CNY78.00 |
| 本书主要内容为: 绪论; 装配式建筑概述; 装配式混凝土建筑设计; 装配式混凝土结构设计; 装配式混凝土结构的深化设计; 装配式混凝土结构工程案例等。 |
| ● |
| 相关链接 |
|
|
|
正题名:装配式混凝土建筑设计与应用
索取号:TU370.4/W061
 
预约/预借
| 序号 | 登录号 | 条形码 | 馆藏地/架位号 | 状态 | 备注 |
| 1 | 1356677 | 213566773 | 建筑库101/101建筑库 87排2列1层/ [索取号:TU370.4/W061] | 在馆 | |
| 2 | 1356678 | 213566782 | 建筑库101/101建筑库 87排2列1层/ [索取号:TU370.4/W061] | 在馆 | |
| 3 | 1505271 | 215052715 | 土木与交通工程学院资料室/ [索取号:TU370.4/W061] | 在馆 | |
| 4 | 1505272 | 215052724 | 土木与交通工程学院资料室/ [索取号:TU370.4/W061] | 在馆 |